01015cam a2200265 i 450000100060000000300080000600500170001400800400003103500190007104000270009004100080011708200200012524500940014526000650023930000540030450400390035860000380039765000230043565100380045870000380049670000410053494200120057599900170058795201450060433631BD-RjUL20211209052033.0140510s1975 ii cf b 011 0bengs a(BD-RjUL)33722 aDLCcDLCdBD-RjULbeng aeng00a301.2bCUL 197500aCulture and society :ba festschrift to Dr. A. Aiyappan /cedited by Balakrishna N. Nair. aDelhi :bThomson Press (India), Publication Division,c1975. axii, 328 p., [1] leaf of plates :bill. ;c24 cm. aIncludes bibliographies and index.10aAiyappan, A.,d1905-1988.9102103 0aEthnology.9102097 0aIndiaxSocial conditions.91020981 aAiyappan, A.,d1905-1988.91020991 aNair, Balakrishna N.,d1924-9102100 2ddccBK c33631d33631 00102ddc40718NFICaRUCLbRUCLcReadingd1979-02-27eIndia Int., Cal.g58.00l0o301.2 CUL 1975r2014-05-10 00:00:00tC-1w2014-05-10yBK